KOHA-Header-6

Engineering Mathematics a foundation for Electronic (Record no. 993)

000 -LEADER
fixed length control field 00348nam a2200133Ia 4500
008 - FIXED-LENGTH DATA ELEMENTS--GENERAL INFORMATION
fixed length control field 190722s9999 xx 000 0 und d
020 ## - INTERNATIONAL STANDARD BOOK NUMBER
International Standard Book Number 978-93-325-0758-6
100 ## - MAIN ENTRY--PERSONAL NAME
Personal name Anthony Croft
245 #0 - TITLE STATEMENT
Title Engineering Mathematics a foundation for Electronic
250 ## - EDITION STATEMENT
Edition statement 4th
260 ## - PUBLICATION, DISTRIBUTION, ETC. (IMPRINT)
Place of publication, distribution, etc India
Name of publisher, distributor, etc Dorling kindersley
Date of publication, distribution, etc 2013
300 ## - PHYSICAL DESCRIPTION
Extent 961
942 ## - ADDED ENTRY ELEMENTS (KOHA)
Koha item type Books
Holdings
Withdrawn status Lost status Damaged status Not for loan Collection code Permanent Location Current Location Shelving location Date acquired Full call number Barcode Date last seen Price effective from Koha item type
        Mathematics Computing and Engineering Library Block-D Computing and Engineering Library Block-D Shelf No.B31 2019-07-22 620-005 7618 2019-07-22 2019-07-22 Mathematics

Powered by Koha